| 000 | 00663cab a2200229 4500 | ||
|---|---|---|---|
| 001 | ABS52180 | ||
| 008 | 090401t1995 xxu||||| |||| 00| 0 eng d | ||
| 035 | _a(Sirsi) u64777 | ||
| 041 | _aeng | ||
| 100 | _aWheatley, C. | ||
| 245 | _aHalf-way but not half-hearted | ||
| 260 | _c1995 | ||
| 350 | _a0 | ||
| 490 |
_aEstates Gazette _v(9502) 14 January 1995, 42-43(2) |
||
| 520 | _aExamines the highs and lows of Roy Swanston`s first six months as President of the RICS. | ||
| 650 | _aPROFILE | ||
| 650 | _aRICS PRESIDENT | ||
| 650 | _aROY SWANSTON | ||
| 690 | _aMANAGEMENT-BUSINESS MANAGEMENT-PROFESSIONAL PRACTICE | ||
| 942 | _n0 | ||
| 948 | _c04/03/1997 | ||
| 999 |
_c40359 _d40359 |
||